000 00298nam a22001337a 4500
008 170614b xxu||||| |||| 00| 0 eng d
020 _a9781608712755
041 _aeng
080 _a32
100 _a19
101 _aSHP
245 _aTHE LOGIC OF AMERICAN POLITICS
_cKERNELL,S
942 _2udc
_cBK
999 _c17347
_d17347